All Airlines that own an A380 - Statistics

General Stats
  • This quiz has been taken 48 times
  • The average score is 12 of 13
Answer Stats
Picture Answer % Correct
British Airways
100%
QANTAS
100%
Singapore Airlines
100%
Air France
97%
ANA
97%
Emirates
97%
Etihad
97%
Korean Air
97%
Lufthansa
97%
Qatar
97%
Thai Airways
97%
China Southern
88%
Asiana Airlines
82%
No matching quizzes found
Score Distribution
Percent of People with Each Score
Percentile by Number Answered
Your Score History
You have not taken this quiz